Goodwill's test your I.Q

Bibliographic Details
Main Author: Murphy, John
Format: Book
Published: Singapore : SSMB , 19-
Subjects:

MARC

LEADER 00000cam a2200000 7i4500
001 0000006520
002 000007033
005 20081201.0
020 |a 8172450206 
090 0 0 |a 153.93   |b MUR 
100 1 |a Murphy, John 
245 1 0 |a Goodwill's test your I.Q   |c John Murphy 
260 |a Singapore :   |b SSMB ,   |c 19- 
300 |a 232p. ;   |c 17cm. 
650 0 0 |a I.Q test   |a Mental test 
999 |a 040014   |b BUKU   |c PINJAMAN   |e PERPUSTAKAAN KOMUNITI PETALING JAYA 
999 |a 040015   |b BUKU   |c PINJAMAN   |e PERPUSTAKAAN KOMUNITI PETALING JAYA